| 000 | 00860nam a2200277 4500 | ||
|---|---|---|---|
| 003 | OSt | ||
| 005 | 20260601170955.0 | ||
| 008 | 260508b2006\\\\it\a||||\||||\00|\0\eng\d | ||
| 020 | _a8871154916 | ||
| 040 |
_aICI _bspa _cICI |
||
| 041 |
_aeng _gita |
||
| 050 |
_aNK1455.I82 _bF38 2006 |
||
| 100 | 1 |
_aBassi, Alberto, _eeditor _930468 |
|
| 245 | 1 |
_aPaolo Favaretto, industrial designer / _cAlberto Bassi. |
|
| 264 |
_aIl Poligrafo, _b2006. _cPadova : |
||
| 300 |
_a190 páginas: _bilustraciones |
||
| 336 |
_atexto _2rdacontent |
||
| 337 |
_asin medio _2rdamedia |
||
| 338 |
_avolumen _2rdacarrier |
||
| 600 | 1 |
_aFavaretto, Paolo. _930469 |
|
| 650 |
_aFavaretto, Paolo. _zItalia. _930470 |
||
| 650 |
_aDiseño industrial _zItalia. |
||
| 650 |
_aDiseño de productos _zItalia. |
||
| 650 |
_aBiografías de diseñadores industriales _930473 |
||
| 942 |
_2lcc _cB _n1 |
||
| 999 |
_c19808 _d19808 |
||